000 00594nam a2200253 a 4500
001 nice12345678
003 IN_TiNIC
005 20260116015217.0
008 050524s1955 lona grp 000 0 eng
020 _a
_c100
082 0 0 _a201
_bLEW
100 _aLewis, C S
245 _aProblem of Pain
260 _aLondon
_bMacmillan and Co.
_c1955
300 _a148p
500 _aincludes index and biblioraphy
505 2 _aAppendix
650 _aPain-Christianity
650 _aPhilosophical-Theology
700 1 _aLewis, C S
902 _bSRS
942 _cBK
999 _c18775
_d18775